The Higher Lower Game - US State Population - Statistics

General Stats
  • This quiz has been taken 39 times
  • The average score is 35 of 49
Answer Stats
Hint Extra Hint Answer % Correct
California (39,029,342) vs Colorado Arkansas: 3,045,637 (Higher) Lower
93%
Arkansas (3,045,637) vs California Arizona: 7,359,197 (Lower) Higher
90%
Delaware (1,018,396) vs Florida Connecticut: 3,626,205 (Lower) Higher
90%
Alaska (733,583) vs Arizona Alabama: 5,074,296 (Lower) Higher
86%
Connecticut (3,626,205) vs Delaware Colorado: 3,626,205 (Lower) Lower
86%
Florida (22,244,823) vs Georgia Delaware: 1,018,396 (Higher) Lower
86%
Georgia (10,912,876) vs Hawai'i Florida: 22,244,823 (Lower) Lower
86%
Idaho (1,939,033) vs Illinois Hawaii: 1,440,196 (Higher) Higher
79%
Alabama (5,074,296) vs Alaska Lower
79%
Arizona (7,359,197) vs Arkansas Alaska: 733,583 (Higher) Lower
79%
Colorado (5,839,926) vs Connecticut California: 5,839,926 (Lower) Lower
79%
Massachusetts (6,981,974) vs Michigan Maryland: 6,164,660 (Higher) Higher
76%
New Mexico (2,113,344) vs New York New Jersey: 9,261,699 (Lower) Higher
76%
North Dakota (779,261) vs Ohio North Carolina: 10,698,973 (Lower) Higher
76%
South Dakota (909,824) vs Tennessee South Carolina: 5,282,634 (Lower) Higher
76%
Illinois (12,582,032) vs Indiana Idaho: 1,939,033 (Higher) Lower
76%
New Hampshire (1,395,231) vs New Jersey Nevada: 3,177,772 (Lower) Higher
72%
Oregon (4,240,137) vs Pennsylvania Oklahoma: 4,019,800 (Higher) Higher
72%
Vermont (647,064) vs Virginia Utah: 3,380,800 (Lower) Higher
72%
Louisiana (4,590,241) vs Maine Kentucky: 4,512,310 (Higher) Lower
72%
New York (19,677,151) vs North Carolina New Mexico: 2,113,344 (Higher) Lower
72%
Pennsylvania (12,972,008) vs Rhode Island Oregon: 4,240,137 (Higher) Lower
72%
South Carolina (5,282,634) vs South Dakota Rhode Island: 1,093,734 (Higher) Lower
72%
Washington (7,785,786) vs West Virginia Virginia: 8,683,619 (Lower) Lower
72%
Wisconsin (5,892,539) vs Wyoming West Virginia: 1,775,156 (Higher) Lower
72%
Maine (1,385,340) vs Maryland Louisiana: 4,590,241 (Lower) Higher
69%
Mississippi (2,940,057) vs Missouri Minnesota: 5,717,184 (Lower) Higher
69%
Rhode Island (1,093,734) vs South Carolina Pennsylvania: 12,972,008 (Lower) Higher
69%
Tennessee (7,051,339) vs Texas South Dakota: 909,824 (Higher) Higher
69%
West Virginia (1,775,156) vs Wisconsin Washington: 7,785,786 (Lower) Higher
69%
Ohio (11,756,058) vs Oklahoma North Dakota: 779,261 (Higher) Lower
69%
Texas (30,029,572) vs Utah Tennessee: 7,051,339 (Higher) Lower
69%
Hawai'i (1,440,196) vs Idaho Georgia: 10,912,876 (Lower) Higher
66%
Nebraska (1,967,923) vs Nevada Montana: 1,122,867 (Higher) Higher
66%
Indiana (6,833,037) vs Iowa Illinois: 12,582,032 (Lower) Lower
66%
Missouri (6,177,957) vs Montana Mississippi: 2,940,057 (Higher) Lower
66%
Nevada (3,177,772) vs New Hampshire Nebraska: 1,967,923 (Higher) Lower
66%
New Jersey (9,261,699) vs New Mexico New Hampshire: 1,395,231 Lower
66%
North Carolina (10,698,973) vs North Dakota New York: 19,677,151 (Lower) Lower
66%
Utah (3,380,800) vs Vermont Texas: 30,029,572 (Lower) Lower
66%
Montana (1,122,867) vs Nebraska Missouri: 6,177,957 (Lower) Higher
62%
Michigan (10,034,113) vs Minnesota Massachusetts: 6,981,974 (Higher) Lower
62%
Kansas (2,937,150) vs Kentucky Iowa: 3,200,517 (Lower) Higher
59%
Oklahoma (4,019,800) vs Oregon Ohio: 11,756,058 (Lower) Higher
59%
Minnesota (5,717,184) vs Mississippi Michigan: 10,034,113 (Lower) Lower
59%
Kentucky (4,512,310) vs Louisiana Kansas: 2,937,150 (Higher) Higher
55%
Maryland (6,164,660) vs Massachusetts Maine: 1,385,340 (Higher) Higher
55%
Virginia (8,683,619) vs Washington Vermont: 647,064 (Higher) Lower
48%
Iowa (3,200,517) vs Kansas Indiana: 6,833,037 (Lower) Lower
41%
No matching quizzes found
Score Distribution
Percent of People with Each Score
Percentile by Number Answered
Your Score History
You have not taken this quiz